| 000 | 03199cam a2200889 4500 | ||
|---|---|---|---|
| 001 | 436451 | ||
| 003 | ItRFAO | ||
| 005 | 20200421093823.0 | ||
| 008 | 080627t2008 xxu||||| ||| 00| 0 d | ||
| 040 |
_aItRFAO _dItRFAO |
||
| 041 | 0 | _arus | |
| 084 |
_a374:63 Q1(Ru) _998982 |
||
| 084 |
_a374:63 Q1(Ru) _998982 |
||
| 546 | _aRussian | ||
| 100 |
_aQamar, M.K. _91059 |
||
| 110 |
_aFAO, Rome (Italy). Research and Extension Div. _leng _91060 |
||
| 242 | 0 | 0 | _aModernizing national agricultural extension systems. A practical guide for policy-makers of developing countries |
| 245 | 0 | 0 | _a МОДЕРНИЗАЦИЯ НАЦИОНАЛЬНЫХ СИСТЕМ РАСПРОСТРАНЕНИЯ ЗНАНИЙ ПО ВОПРОСАМ СЕЛЬСКОГО ХОЗЯЙСТВА |
| 260 |
_aRome (Italy) _bFAO _c2008 |
||
| 300 | _a79 p. | ||
| 336 |
_2ItRFAO _aMonograph |
||
| 336 |
_2ItRFAO _aSummary |
||
| 336 |
_2ItRFAO _aHandbook |
||
| 336 |
_2ItRFAO _aDocuments |
||
| 338 |
_2ItRFAO _aBooks |
||
| 520 | _aSummary (Ru) | ||
| 650 | 1 | 7 |
_2agrovoc _aAgricultural extension _91061 |
| 650 | 1 | 7 |
_2agrovoc _aEXTENSION ACTIVITIES _91062 |
| 650 | 1 | 7 |
_2agrovoc _aAGRICULTURAL DEVELOPMENT _91063 |
| 650 | 1 | 7 |
_2agrovoc _aMODERNIZATION _91064 |
| 650 | 1 | 7 |
_2agrovoc _aSUSTAINABLE DEVELOPMENT _91065 |
| 650 | 2 | 7 |
_2agrovoc _aFOOD SECURITY |
| 650 | 2 | 7 |
_2agrovoc _aGLOBALIZATION _91067 |
| 650 | 2 | 7 |
_2agrovoc _aPOVERTY |
| 650 | 2 | 7 |
_2agrovoc _aAIDS _91069 |
| 650 | 2 | 7 |
_2agrovocf _aSECURITE ALIMENTAIRE |
| 650 | 2 | 7 |
_2agrovocf _aMONDIALISATION _91071 |
| 650 | 2 | 7 |
_2agrovocf _aPAUVRETE |
| 650 | 2 | 7 |
_2agrovocf _aSIDA (MALADIE) _91073 |
| 650 | 1 | 7 |
_2agrovocf _aVULGARISATION AGRICOLE _91074 |
| 650 | 1 | 7 |
_2agrovocf _aVULGARISATION |
| 650 | 1 | 7 |
_2agrovocf _aDEVELOPPEMENT AGRICOLE _91076 |
| 650 | 1 | 7 |
_2agrovocf _aMODERNISATION _91077 |
| 650 | 1 | 7 |
_2agrovocf _aDEVELOPPEMENT DURABLE _91078 |
| 650 | 2 | 7 |
_2agrovocs _aSEGURIDAD ALIMENTARIA |
| 650 | 2 | 7 |
_2agrovocs _aGLOBALIZACION _91080 |
| 650 | 2 | 7 |
_2agrovocs _aPOBREZA |
| 650 | 2 | 7 |
_2agrovocs _aSIDA (ENFERMEDAD) _91082 |
| 650 | 1 | 7 |
_2agrovocs _aEXTENSION AGRICOLA _91083 |
| 650 | 1 | 7 |
_2agrovocs _aEXTENSION |
| 650 | 1 | 7 |
_2agrovocs _aDESARROLLO AGRICOLA _91085 |
| 650 | 1 | 7 |
_2agrovocs _aMODERNIZACION _91086 |
| 650 | 1 | 7 |
_2agrovocs _aDESARROLLO SOSTENIBLE _91087 |
| 651 | 7 |
_2agrovoc _aDeveloping countries |
|
| 651 | 7 |
_2agrovocf _aPAYS EN DEVELOPPEMENT |
|
| 651 | 7 |
_2agrovocs _aPAISES EN DESARROLLO |
|
| 690 | 7 |
_2agrissce _aC20-Extension |
|
| 690 | 7 |
_2agrissce _aE14-Development economics and policies |
|
| 692 | _aAGD | ||
| 692 | _aED | ||
| 692 | _aRD | ||
| 775 |
_eeng _o433367 |
||
| 775 |
_efre _o433369 |
||
| 775 |
_eara _o433371 |
||
| 856 | _uftp://ftp.fao.org/docrep/fao/010/a0219r/a0219r00.pdf | ||
| 856 |
_uhttp://www.fao.org/docrep/011/a0219f/a0219f00.htm _zFrench |
||
| 856 |
_uhttp://www.fao.org/docrep/008/a0219e/a0219e00.htm _zEnglish |
||
| 856 |
_uhttp://www.fao.org/docrep/011/a0219r/a0219r00.htm _zRussian |
||
| 856 |
_uhttp://www.fao.org/docrep/011/a0219a/a0219a00.htm _zArabic |
||
| 919 |
_aAGRIS _aFAO document _aLibrary material |
||
| 942 |
_n0 _cMX |
||
| 999 |
_c233 _d233 |
||